Distance sampling : (Record no. 24346)

MARC details
000 -LEADER
fixed length control field 01067pam a2200289 a 4500
001 - CONTROL NUMBER
control field 3924787
003 - CONTROL NUMBER IDENTIFIER
control field OSt
005 - DATE AND TIME OF LATEST TRANSACTION
control field 20211227115327.0
008 - FIXED-LENGTH DATA ELEMENTS--GENERAL INFORMATION
fixed length control field 921023s1993 enka b 001 0 eng
010 ## - LIBRARY OF CONGRESS CONTROL NUMBER
LC control number 92039560
020 ## - INTERNATIONAL STANDARD BOOK NUMBER
International Standard Book Number 0412426609
020 ## - INTERNATIONAL STANDARD BOOK NUMBER
International Standard Book Number 0412426706 (pbk.)
040 ## - CATALOGING SOURCE
Original cataloging agency DLC
Transcribing agency HU
Modifying agency DLC
-- WaU
050 00 - LIBRARY OF CONGRESS CALL NUMBER
Classification number QL752
Item number .D57 1993
082 00 - DEWEY DECIMAL CLASSIFICATION NUMBER
Classification number 591.5/248
Edition number 20
245 00 - TITLE STATEMENT
Title Distance sampling :
Remainder of title estimating abundance of biological populations /
Statement of responsibility, etc. S.T. Buckland ... [et al.].
250 ## - EDITION STATEMENT
Edition statement 1st ed.
260 ## - PUBLICATION, DISTRIBUTION, ETC.
Place of publication, distribution, etc. London ;
-- New York :
Name of publisher, distributor, etc. Chapman & Hall,
Date of publication, distribution, etc. 1993.
300 ## - PHYSICAL DESCRIPTION
Extent xii, 446 p. :
Other physical details ill. ;
Dimensions 24 cm.
504 ## - BIBLIOGRAPHY, ETC. NOTE
Bibliography, etc. note Includes bibliographical references (p. 421-440) and index.
650 #0 - SUBJECT ADDED ENTRY--TOPICAL TERM
Topical term or geographic name entry element Animal populations
General subdivision Estimates.
9 (RLIN) 25415
650 #0 - SUBJECT ADDED ENTRY--TOPICAL TERM
Topical term or geographic name entry element Sampling (Statistics)
9 (RLIN) 11599
700 1# - ADDED ENTRY--PERSONAL NAME
Personal name Buckland, S. T.
Fuller form of name (Stephen T.)
9 (RLIN) 25416
906 ## - LOCAL DATA ELEMENT F, LDF (RLIN)
a 7
b cbc
c orignew
d 1
e ocip
f 19
g y-gencatlg
942 ## - ADDED ENTRY ELEMENTS (KOHA)
Source of classification or shelving scheme Dewey Decimal Classification
Koha item type Books like text book referance book
Suppress in OPAC No
Holdings
Withdrawn status Lost status Source of classification or shelving scheme Damaged status Not for loan Collection code Home library Current library Shelving location Date acquired Total Checkouts Full call number Barcode Date last seen Copy number Price effective from Koha item type
    Dewey Decimal Classification     Reference Wondo Genet Library Wondo Genet Library General Stacks 12/27/2021   591.5`248 BUC 1993 WGCFNRL00009647 12/27/2021 1 12/27/2021 Books like text book referance book
    Dewey Decimal Classification     Non-fiction Wondo Genet Library Wondo Genet Library General Stacks 04/19/2022   591.5/248 DIS 1993 WGCFNRL00019724 04/19/2022 2 04/19/2022 Books like text book referance book